Computational fluid mechanics and heat transfer / (Record no. 32512)
[ view plain ]
| 000 -LEADER | |
|---|---|
| fixed length control field | 01386cam a2200361 a 4500 |
| 001 - CONTROL NUMBER | |
| control field | 3054280 |
| 003 - CONTROL NUMBER IDENTIFIER | |
| control field | OSt |
| 005 - DATE AND TIME OF LATEST TRANSACTION | |
| control field | 20210922143045.0 |
| 008 - FIXED-LENGTH DATA ELEMENTS--GENERAL INFORMATION | |
| fixed length control field | 960827s1997 dcua b 001 0 eng |
| 010 ## - LIBRARY OF CONGRESS CONTROL NUMBER | |
| LC control number | 96041097 |
| 020 ## - INTERNATIONAL STANDARD BOOK NUMBER | |
| International Standard Book Number | 156032046X |
| 038 ## - RECORD CONTENT LICENSOR | |
| Staff Name | khadija |
| 040 ## - CATALOGING SOURCE | |
| Original cataloging agency | DLC |
| Transcribing agency | DLC |
| Modifying agency | DLC |
| 050 00 - LIBRARY OF CONGRESS CALL NUMBER | |
| Classification number | QA901 |
| Item number | .A53 2010 |
| 082 00 - DEWEY DECIMAL CLASSIFICATION NUMBER | |
| Classification number | 532.0501515 |
| Edition number | 20 |
| Author Mark | TAN |
| 100 1# - MAIN ENTRY--PERSONAL NAME | |
| Personal name | Tannehill, John C. |
| 9 (RLIN) | 1694 |
| 245 10 - TITLE STATEMENT | |
| Title | Computational fluid mechanics and heat transfer / |
| Statement of responsibility, etc. | John C. Tannehill, Dale A. Anderson, Richard H. Pletcher. |
| 250 ## - EDITION STATEMENT | |
| Edition statement | 2nd ed. |
| 260 ## - PUBLICATION, DISTRIBUTION, ETC. | |
| Place of publication, distribution, etc. | Washington, DC : |
| Name of publisher, distributor, etc. | Taylor & Francis, |
| Date of publication, distribution, etc. | 1997. |
| 300 ## - PHYSICAL DESCRIPTION | |
| Extent | xiii, 792 p. : |
| Other physical details | ill. ; |
| Dimensions | 25 cm. |
| 440 #0 - SERIES STATEMENT/ADDED ENTRY--TITLE | |
| Title | Series in computational and physical processes in mechanics and thermal sciences |
| 9 (RLIN) | 1695 |
| 500 ## - GENERAL NOTE | |
| General note | Anderson's name appears first on the earlier ed. |
| 504 ## - BIBLIOGRAPHY, ETC. NOTE | |
| Bibliography, etc. note | Includes bibliographical references (p. 745-782) and index. |
| 563 ## - BINDING INFORMATION | |
| Binding note | P.B |
| 650 #0 - SUBJECT ADDED ENTRY--TOPICAL TERM | |
| Topical term or geographic name entry element | Fluid mechanics. |
| 9 (RLIN) | 1678 |
| 650 #0 - SUBJECT ADDED ENTRY--TOPICAL TERM | |
| Topical term or geographic name entry element | Heat |
| General subdivision | Transmission. |
| 9 (RLIN) | 1537 |
| 700 1# - ADDED ENTRY--PERSONAL NAME | |
| Personal name | Anderson, Dale A. |
| Fuller form of name | (Dale Arden), |
| Dates associated with a name | 1936- |
| 9 (RLIN) | 1696 |
| 700 1# - ADDED ENTRY--PERSONAL NAME | |
| Personal name | Pletcher, Richard H. |
| 9 (RLIN) | 1697 |
| 856 42 - ELECTRONIC LOCATION AND ACCESS | |
| Materials specified | Publisher description |
| Uniform Resource Identifier | <a href="http://www.loc.gov/catdir/enhancements/fy0647/96041097-d.html">http://www.loc.gov/catdir/enhancements/fy0647/96041097-d.html</a> |
| 906 ## - LOCAL DATA ELEMENT F, LDF (RLIN) | |
| a | 7 |
| b | cbc |
| c | orignew |
| d | 1 |
| e | ocip |
| f | 19 |
| g | y-gencatlg |
| 942 ## - ADDED ENTRY ELEMENTS (KOHA) | |
| Source of classification or shelving scheme | |
| Koha item type | Book |
| Withdrawn status | Lost status | Source of classification or shelving scheme | Damaged status | Not for loan | Permanent Location | Current Location | Shelving location | Date acquired | Total Checkouts | Total Renewals | Full call number | Barcode | Date last seen | Date last checked out | Price effective from | Koha item type | Public note |
|---|---|---|---|---|---|---|---|---|---|---|---|---|---|---|---|---|---|
| School of Mechanical & Manufacturing Engineering (SMME) | School of Mechanical & Manufacturing Engineering (SMME) | General Stacks | 09/30/2015 | 1 | 1 | 532.0501515 TAN | SMME-1272 | 06/13/2022 | 02/28/2022 | 09/30/2015 | Book | Rack,45-Shelf,2 |
